000
002430000a22000970004500
100
1
_a
Green, Guillermo
245
1
0
_a
¿Pobreza escogida?
300
_a
Vol.7, núm.2 (Noviembre, 2005), Páginas 152-162
773
0
_t
Reforma Siglo 21
942
_c
ANA
999
_c
60717
_d
60717